Denmark in the Eurovision Song Contest - Statistics

General Stats
  • This quiz has been taken 13 times
    3 since last reset
  • The average score is 10 of 54
Answer Stats
Answer % Correct
Breaking My Heart
100%
Hallucination
100%
Sand
100%
Cliche Love Song
67%
Før vi går hjem
67%
Higher Ground
67%
Love is Forever
67%
The Show
67%
The Way You Are
67%
Dansevise
33%
Fly on the Wings of Love
33%
In a Moment Like This
33%
New Tomorrow
33%
Only Teardrops
33%
Should've Known Better
33%
Soldiers of Love
33%
Where I Am
33%
All Night Long
0%
Alt det som ingen ser
0%
Angelique
0%
Believe Again
0%
Boom Boom
0%
Det' lige det
0%
Det var en yndig tid
0%
Disco Tango
0%
Drama Queen
0%
Du er fuld af løgn
0%
En lille melodi
0%
For din skyld
0%
Fra Mols til Skagen
0%
Hallo Hallo
0%
Jeg rev et blad ud af min dagbog
0%
Ka' du se hva' jeg sa'
0%
Kloden drejer
0%
Krøller eller ej
0%
Lige der hvor hjertet slår
0%
Never Ever Let You Go
0%
Øve os på hinanden
0%
Sangen om dig
0%
Shame on You
0%
Skibet skal sejle i nat
0%
Sku' du spørg' fra no'en
0%
Stemmen i mit liv
0%
Stop - mens legen er go'
0%
Tænker altid på dig
0%
Talking to You
0%
Tell Me Who You Are
0%
This Time I Mean It
0%
Twist of Love
0%
Uh, jeg ville ønske jeg var dig
0%
Under stjernerne på himlen
0%
Video-Video
0%
Vi maler byen rød
0%
Vuggevise
0%
No matching quizzes found
Score Distribution
Percent of People with Each Score
Percentile by Number Answered
Your Score History
You have not taken this quiz since the last reset